Introduction to Nursing Education (Record no. 159185)

MARC details
000 -LEADER
fixed length control field 00380nam a2200145Ia 4500
008 - FIXED-LENGTH DATA ELEMENTS--GENERAL INFORMATION
fixed length control field 230519s9999 xx 000 0 und d
020 ## - INTERNATIONAL STANDARD BOOK NUMBER
International Standard Book Number 978-93-81390-19-1
041 ## - LANGUAGE CODE
Language code of text/sound track or separate title eng
082 ## - DEWEY DECIMAL CLASSIFICATION NUMBER
Classification number AD/610.7/CHA/DB0371
100 ## - MAIN ENTRY--PERSONAL NAME
Personal name Chanda Eshita
245 ## - TITLE STATEMENT
Title Introduction to Nursing Education
260 ## - PUBLICATION, DISTRIBUTION, ETC. (IMPRINT)
Name of publisher, distributor, etc. S Vikas and Co
Place of publication, distribution, etc. Jalandhar
Date of publication, distribution, etc. 2014
300 ## - PHYSICAL DESCRIPTION
Extent 279p
Holdings
Withdrawn status Lost status Damaged status Not for loan Collection code Home library Current library Date acquired Cost, normal purchase price Bill number Total Checkouts Full call number Barcode Date last seen Date last checked out Bill Date Koha item type Original Barcode
          Smt. Bakul Tambat Institute of Nursing Education Smt. Bakul Tambat Institute of Nursing Education 25/06/2015 325.00 79 1 AD 610.7 CHA DB0371 BTIN-DB-371 02/05/2025 17/04/2025 20/05/2015 Donated Book DB0371
          Smt. Bakul Tambat Institute of Nursing Education Smt. Bakul Tambat Institute of Nursing Education 04/10/2016 295.00 79   AD 610.7 CHA DB0505 BTIN-DB-505 19/05/2023   20/05/2015 Donated Book DB0505
          Smt. Bakul Tambat Institute of Nursing Education Smt. Bakul Tambat Institute of Nursing Education 29/08/2018 375.00 79 2 AD 610.7 CHA DB0763 BTIN-DB-763 23/04/2025 17/04/2025 20/05/2015 Donated Book DB0763